<?xml version="1.0" encoding="UTF-8"?>
<record
    xmlns:xsi="http://www.w3.org/2001/XMLSchema-instance"
    xsi:schemaLocation="http://www.loc.gov/MARC21/slim http://www.loc.gov/standards/marcxml/schema/MARC21slim.xsd"
    xmlns="http://www.loc.gov/MARC21/slim">

  <leader>00862nam a2200205 i 4500</leader>
  <controlfield tag="001">65698</controlfield>
  <controlfield tag="003">ES-MaACL</controlfield>
  <controlfield tag="005">20230906165441.0</controlfield>
  <controlfield tag="007">t|</controlfield>
  <controlfield tag="008">040120s1956    sp           ||||1| spa d</controlfield>
  <datafield tag="100" ind1="1" ind2=" ">
    <subfield code="a">Fuehner, Hermann.</subfield>
    <subfield code="9">52819</subfield>
  </datafield>
  <datafield tag="245" ind1="1" ind2="0">
    <subfield code="a">Toxicolog&#xED;a m&#xE9;dica </subfield>
    <subfield code="b">: manual para m&#xE9;dicos, farmace&#xFA;ticos y qu&#xED;micos / </subfield>
    <subfield code="c">por H. F&#xFC;hner ; refundido por W. Wirth y G. Hecht ; versi&#xF3;n espa&#xF1;ola de la 3&#xAA; ed. alemana por Adolfo Florensa Goicoechea ; pr&#xF3;logo y revisi&#xF3;n por M. Sales V&#xE1;zquez.</subfield>
  </datafield>
  <datafield tag="260" ind1=" " ind2=" ">
    <subfield code="a">Barcelona : </subfield>
    <subfield code="b">Editorial Cient&#xED;fico-M&#xE9;dica, </subfield>
    <subfield code="c">1956 (</subfield>
    <subfield code="f">Casa Provincial de Caridad, Imp. Escuela)</subfield>
  </datafield>
  <datafield tag="300" ind1=" " ind2=" ">
    <subfield code="a">XXVII, 275 p. ; </subfield>
    <subfield code="c">25 cm.</subfield>
  </datafield>
  <datafield tag="700" ind1="1" ind2=" ">
    <subfield code="a">Hecht, G.</subfield>
    <subfield code="9">62271</subfield>
  </datafield>
  <datafield tag="700" ind1="1" ind2=" ">
    <subfield code="a">Wirth, W.</subfield>
    <subfield code="9">117138</subfield>
  </datafield>
  <datafield tag="700" ind1="1" ind2=" ">
    <subfield code="a">Florensa Goicoechea, Adolfo.</subfield>
    <subfield code="9">51248</subfield>
  </datafield>
  <datafield tag="700" ind1="1" ind2=" ">
    <subfield code="a">Sales V&#xE1;zquez, Miguel.</subfield>
    <subfield code="9">101887</subfield>
  </datafield>
  <datafield tag="852" ind1=" " ind2=" ">
    <subfield code="a">ES-MaACL</subfield>
    <subfield code="j">C-10168 </subfield>
    <subfield code="b">R.38562</subfield>
  </datafield>
  <datafield tag="999" ind1=" " ind2=" ">
    <subfield code="c">65698</subfield>
    <subfield code="d">65698</subfield>
  </datafield>
  <datafield tag="952" ind1=" " ind2=" ">
    <subfield code="0">0</subfield>
    <subfield code="1">0</subfield>
    <subfield code="4">0</subfield>
    <subfield code="7">0</subfield>
    <subfield code="a">ATENEOM</subfield>
    <subfield code="b">ATENEOM</subfield>
    <subfield code="c">SPAL</subfield>
    <subfield code="d">2008-01-17</subfield>
    <subfield code="e">SC</subfield>
    <subfield code="l">0</subfield>
    <subfield code="o">C-10168</subfield>
    <subfield code="p">1068829</subfield>
    <subfield code="r">2023-02-23 00:00:00</subfield>
    <subfield code="w">2023-02-23</subfield>
    <subfield code="y">MONOGRAFIA</subfield>
  </datafield>
</record>
